000 00699nam a22001937a 4500
005 20251108171011.0
008 250721s1983 xx 000 0 ara d
082 1 4 _aم/217.2/تفت
100 1 _aالتفتاوزاني، سعد الدين
245 1 0 _aحاشية العلامة سعد الدين التفتازاني المتوفي سنة 791 و حاشية المحقق السيد شريف الجرجاني المتوفي سنة 8160 /
250 _aط2
264 1 _aبيروت :
_bدار الكتب العلمية،
_c1983.
300 _a2ج في 1 مج
650 1 7 _aالإسلام
650 1 7 _aفقه
650 1 7 _aالمذهب المالكي
942 _2ddc
_cREF
999 _c54069
_d54069